<?xml version="1.0" encoding="UTF-8"?>
<record
    xmlns:xsi="http://www.w3.org/2001/XMLSchema-instance"
    xsi:schemaLocation="http://www.loc.gov/MARC21/slim http://www.loc.gov/standards/marcxml/schema/MARC21slim.xsd"
    xmlns="http://www.loc.gov/MARC21/slim">

  <leader>00860nam a22002297a 4500</leader>
  <controlfield tag="001">2490</controlfield>
  <controlfield tag="003">HMS</controlfield>
  <controlfield tag="005">20250611123642.0</controlfield>
  <controlfield tag="008">250611e1994    cl ao||frntou 001 0 spa  </controlfield>
  <datafield tag="020" ind1=" " ind2=" ">
    <subfield code="a">8478690271</subfield>
  </datafield>
  <datafield tag="040" ind1=" " ind2=" ">
    <subfield code="a">hms</subfield>
    <subfield code="b">spa</subfield>
    <subfield code="c">hms</subfield>
  </datafield>
  <datafield tag="050" ind1=" " ind2="4">
    <subfield code="a">WL340.2</subfield>
    <subfield code="b">N677</subfield>
  </datafield>
  <datafield tag="100" ind1="1" ind2=" ">
    <subfield code="a">Nieto Herrera, Margarita E.</subfield>
    <subfield code="e">autor</subfield>
    <subfield code="9">3492</subfield>
  </datafield>
  <datafield tag="245" ind1="1" ind2="0">
    <subfield code="a">Retardo del lenguaje :</subfield>
    <subfield code="b">Sugerencias Pedag&#xF3;gicas /</subfield>
    <subfield code="c">Margarita E. Nieto Herrera</subfield>
    <subfield code="h">[libro]</subfield>
    <subfield code="n">11</subfield>
  </datafield>
  <datafield tag="260" ind1=" " ind2=" ">
    <subfield code="a">Madrid, Espa&#xF1;a :</subfield>
    <subfield code="b">CEPE,</subfield>
    <subfield code="c">1994</subfield>
  </datafield>
  <datafield tag="300" ind1=" " ind2=" ">
    <subfield code="a">181 p&#xE1;ginas :</subfield>
    <subfield code="b">ilustraciones</subfield>
  </datafield>
  <datafield tag="490" ind1=" " ind2="1">
    <subfield code="a">Colecci&#xF3;n Educaci&#xF3;n Infantil</subfield>
  </datafield>
  <datafield tag="500" ind1=" " ind2=" ">
    <subfield code="a">Incluye &#xED;ndice</subfield>
  </datafield>
  <datafield tag="505" ind1=" " ind2=" ">
    <subfield code="a">1. Evoluci&#xF3;n del lenguaje en el ni&#xF1;o. -- 2. Evaluaci&#xF3;n del lenguaje infantil. -- 3. Retardo de lenguaje. -- 4. Sugerencias pedag&#xF3;gicas. -- 5. Ejercicios pr&#xE1;cticos. </subfield>
  </datafield>
  <datafield tag="650" ind1=" " ind2="7">
    <subfield code="a">Patolog&#xED;as del lenguaje </subfield>
    <subfield code="9">3493</subfield>
  </datafield>
  <datafield tag="942" ind1=" " ind2=" ">
    <subfield code="2">ddc</subfield>
    <subfield code="c">COL. RES.</subfield>
    <subfield code="n">0</subfield>
  </datafield>
  <datafield tag="999" ind1=" " ind2=" ">
    <subfield code="c">2490</subfield>
    <subfield code="d">2490</subfield>
  </datafield>
  <datafield tag="952" ind1=" " ind2=" ">
    <subfield code="0">0</subfield>
    <subfield code="1">0</subfield>
    <subfield code="2">ddc</subfield>
    <subfield code="4">0</subfield>
    <subfield code="7">0</subfield>
    <subfield code="8">Col. Res.</subfield>
    <subfield code="a">BHMS</subfield>
    <subfield code="b">BHMS</subfield>
    <subfield code="c">Full Space</subfield>
    <subfield code="d">1996-09-02</subfield>
    <subfield code="i">000847</subfield>
    <subfield code="l">0</subfield>
    <subfield code="o">WL340.2 N677 1994</subfield>
    <subfield code="p">000847</subfield>
    <subfield code="r">2025-06-11 09:47:54</subfield>
    <subfield code="t">c.1</subfield>
    <subfield code="w">2025-06-11</subfield>
    <subfield code="y">COL. RES.</subfield>
  </datafield>
</record>
